000 00436nam a2200181Ia 4500
005 20240823023259.0
008 240823s9999||||xx |||||||||||||| ||und||
041 _aENGLISH
082 _A658.4038
100 _akimiz dalkir
245 0 _aKnowledge Management in theory and practice
250 _a1st
260 _c2008
_bEls
_aJapan
500 _aYES
650 _aManagement
_bManagement Studies
942 _cBK
999 _c181167
_d181167